<?xml version="1.0" encoding="UTF-8"?>
<collection xmlns="http://www.loc.gov/MARC21/slim">
  <record>
    <leader>00000nam  2200000   4500</leader>
    <controlfield tag="001">INLIS000000000016535</controlfield>
    <controlfield tag="005">20231127124841</controlfield>
    <datafield tag="035" ind1="#" ind2="#">
      <subfield code="a">0010-1123000178</subfield>
    </datafield>
    <datafield tag="245" ind1="1" ind2="#">
      <subfield code="a">Sistem Informasi Pengembangan Kompetensi Kabupaten Penajam Paser Utara (SIBANGKOM PPU) BKPSDM Kabupaten Penajam Paser Utara /</subfield>
      <subfield code="c">Iwan Darmawan, SH</subfield>
    </datafield>
    <datafield tag="100" ind1="1" ind2="#">
      <subfield code="a">DARMAWAN, Iwan</subfield>
    </datafield>
    <datafield tag="250" ind1="#" ind2="#">
      <subfield code="a">1</subfield>
    </datafield>
    <datafield tag="300" ind1="#" ind2="#">
      <subfield code="a">56 halaman :</subfield>
      <subfield code="b">ilustrasi ;</subfield>
      <subfield code="c">30 cm</subfield>
    </datafield>
    <datafield tag="260" ind1="#" ind2="#">
      <subfield code="a">Samarinda :</subfield>
      <subfield code="b">Puslatbang KDOD,</subfield>
      <subfield code="c">2023</subfield>
    </datafield>
    <datafield tag="084" ind1="#" ind2="#">
      <subfield code="a">PKA 178 2023</subfield>
    </datafield>
    <datafield tag="600" ind1="#" ind2="4">
      <subfield code="a">Proyek Perubahan</subfield>
    </datafield>
    <datafield tag="600" ind1="#" ind2="4">
      <subfield code="a">Administrator</subfield>
    </datafield>
    <datafield tag="600" ind1="#" ind2="4">
      <subfield code="a">inovasi pemerintah</subfield>
    </datafield>
    <datafield tag="650" ind1="#" ind2="4">
      <subfield code="a">sistem informasi</subfield>
    </datafield>
    <datafield tag="650" ind1="#" ind2="4">
      <subfield code="a">teknologi informasi</subfield>
    </datafield>
    <datafield tag="650" ind1="#" ind2="4">
      <subfield code="a">kompetensi pegawai</subfield>
    </datafield>
    <datafield tag="650" ind1="#" ind2="4">
      <subfield code="a">layanan informasi</subfield>
    </datafield>
    <datafield tag="520" ind1="#" ind2="#">
      <subfield code="a">Proyek perubahan ini menjelaskan permasalahan menurunnya pelayanan pengembangan kompetensi pegawai karena minimnya data dan informasi kediklatan individu. Inovasi ini mengembangkan SIM DIKLAT dengan merubah dan menambahkan menu layanan dan informasi menjadi Sistem Informasi PengembanganKompetensi Kabupaten Penajam Paser Utara (SIBANGKOM PPU) serta mengembangkan kompetensi pengelola kediklatan di BKPSDM.</subfield>
    </datafield>
    <datafield tag="500" ind1="#" ind2="#">
      <subfield code="a">Coach : Dr. Rahmat Suparman, MA&#13;
Penguji : Drs. Andi Muhammad Ishak, M.Si,Apt&#13;
Mentor : H. Arullah, SE., MT</subfield>
    </datafield>
    <controlfield tag="008">231127################|##########|#|##</controlfield>
    <datafield tag="990" ind1="#" ind2="#">
      <subfield code="a">PKA/178/2023</subfield>
    </datafield>
  </record>
</collection>
